Naar een nieuwe seksuele opvoeding

Kaydedildi:
Detaylı Bibliyografya
Materyal Türü: Kitap
Dil:İngilizce
Etiketler: Etiketle
Etiket eklenmemiş, İlk siz ekleyin!

MARC

LEADER 00000nam a2200000 4500
001 CDOM0000002594
003 mi
005 20250914195945.0
008 250914b |||||||| |||| 00| 0 eng d
040 |c mi 
245 1 |a Naar een nieuwe seksuele opvoeding  
942 |2 ddc  |c BK 
952 |0 0  |1 0  |2 ddc  |4 0  |7 0  |9 6083  |a MI  |b MI  |d 1988-01-14  |i 777  |l 0  |p CDOM777  |r 2025-07-13 16:28:00  |w 2025-07-13  |x DONO  |y BK 
999 |c 4858  |d 4858